01185nam a22002297a 4500952010700000999001900107008004100126020001500167050002000182100002900202240005400231245019900285260005000484300003600534500006400570505019300634519004500827650001400872650002400886650003800910942000700948 00104070a11b11d2019-07-12l1oRG525 M37518p11 014046r2024-07-29s2023-07-21t1w2019-07-12yLB c104327d104327190712b2005 mx a|||| |||| 00| 0 spa d a9706557563 aRG525 bM37518  aHarms, Roger W.eautor,  aMayo, mayo clinic health information lEspañol  aClínica mayob: guía para un embarazo saludable c/ editor en jefe: Roger W., Harms; editores médicos asociados: Robert V. Johnson y Mary M., Murry; traducción: M en C. Mayra Lerma Ortiz aMéxicob: Intersistemas : Trillas c, 2005  a614 páginasb: Ilustraciones  aIncluye: Glosario (pp. 589 - 594), Índice (pp. 595 - 614) aEmbarazo, parto y el recién nacido Guías de decisión para embarazo, parto y maternidad (paternidad) Guía de referencia del embarazo Complicaciones del embarazo y del parto  aMaterial Complementario / d(11 014046 ) 0aEMBARAZO  0aATENCIÓN PRENATAL 0aEMBARAZOvOBRAS DE DIVULGACIÓN  cLB